[Event "Hoogeveen Unive op 17th"]
[Site "Hoogeveen"]
[Date "2013.10.25"]
[Round "8"]
[White "Klomp, Robert"]
[Black "Vistisen, Lars"]
[Result "1/2-1/2"]
[WhiteElo "2105"]
[BlackElo "2163"]
[PlyCount "99"]
[EventDate "2013.10.18"]
[EventType "swiss"]
[EventRounds "9"]
[EventCountry "NED"]
[SourceTitle "EXT 2014"]
[Source "ChessBase"]
[SourceDate "2013.11.20"]
[SourceVersion "1"]
[SourceVersionDate "2013.11.20"]
[SourceQuality "1"]

1. c4 e5 2. g3 Nf6 3. Bg2 c6 4. Nf3 d6 5. 0-0 Nbd7 6. Nc3 Be7 7. d4 Qc7 8. b3 Nf8 9. Bb2 Ng6 10. Qc2 Bg4 11. Rad1 Qc8 12. dxe5 dxe5 13. Ne4 Nxe4 14. Qxe4 f6 15. a3 a5 16. Rd2 Bc5 17. Qc2 0-0 18. Rfd1 Qe6 19. Ne1 Qe7 20. a4 Bb6 21. h3 Be6 22. Nd3 Rad8 23. e4 Bd4 24. Bc3 b6 25. Bxd4 Rxd4 26. c5 b5 27. f4 bxa4 28. bxa4 Rc4 29. Qb2 exf4 30. gxf4 Bf7 31. Qb6 Nh4 32. Qxc6 Nxg2 33. Rxg2 Rd8 34. Nf2 Rxd1+ 35. Nxd1 Rxc5 36. Qa8+ Qe8 37. Qb7 Qxa4 38. Rd2 g6 39. Rd8+ Kg7 40. Rd7 Qa2 41. Nf2 Rc1+ 42. Kg2 Rc2 43. Qa7 Qc4 44. Kg3 h5 45. h4 Qb3+ 46. Kg2 Qe6 47. Kf3 Rc3+ 48. Kg2 Rc2 49. Kf3 Rc3+ 50. Kg2 1/2-1/2

[Event "Hoogeveen Unive op 17th"]
[Site "Hoogeveen"]
[Date "2013.10.23"]
[Round "6"]
[White "Klomp, Robert"]
[Black "Den Hartog, Marijn"]
[Result "0-1"]
[WhiteElo "2105"]
[BlackElo "1998"]
[PlyCount "68"]
[EventDate "2013.10.18"]
[EventType "swiss"]
[EventRounds "9"]
[EventCountry "NED"]
[SourceTitle "EXT 2014"]
[Source "ChessBase"]
[SourceDate "2013.11.20"]
[SourceVersion "1"]
[SourceVersionDate "2013.11.20"]
[SourceQuality "1"]

1. c4 Nf6 2. Nc3 g6 3. g3 Bg7 4. Bg2 0-0 5. e4 d6 6. Nge2 c5 7. 0-0 Nc6 8. h3 a6 9. d3 Rb8 10. f4 Bd7 11. a4 Ne8 12. g4 f5 13. exf5 gxf5 14. g5 Nc7 15. Ng3 Nb4 16. h4 Ne6 17. Nd5 Nd4 18. Nxb4 cxb4 19. Be3 Be8 20. Kh2 Qc7 21. b3 a5 22. Ra2 Rd8 23. Re1 Nc6 24. d4 e5 25. Bd5+ Kh8 26. Bxc6 bxc6 27. Nh5 Bxh5 28. Qxh5 exd4 29. g6 Bf6 30. Bxd4 Bxd4 31. Rae2 Qg7 32. Re6 Bf6 33. Rg1 d5 34. gxh7 Qxh7 0-1

[Event "Hoogeveen Unive op 17th"]
[Site "Hoogeveen"]
[Date "2013.10.21"]
[Round "4"]
[White "Klomp, Robert"]
[Black "Hendriks, Willy"]
[Result "0-1"]
[WhiteElo "2105"]
[BlackElo "2407"]
[PlyCount "70"]
[EventDate "2013.10.18"]
[EventType "swiss"]
[EventRounds "9"]
[EventCountry "NED"]
[SourceTitle "EXT 2014"]
[Source "ChessBase"]
[SourceDate "2013.11.20"]
[SourceVersion "1"]
[SourceVersionDate "2013.11.20"]
[SourceQuality "1"]

1. c4 g6 2. Nc3 Bg7 3. g3 e5 4. Bg2 d6 5. e4 Nc6 6. Nge2 Nh6 7. 0-0 0-0 8. h3 Be6 9. d3 Qd7 10. Kh2 f5 11. f4 Rae8 12. Be3 fxe4 13. Nxe4 Nf5 14. Bf2 Kh8 15. Rb1 Bg8 16. Qa4 Qd8 17. Qb5 Qc8 18. b4 exf4 19. Nxf4 Ne5 20. c5 d5 21. Ng5 c6 22. Qa4 h6 23. Nf3 Bh7 24. Nxe5 Bxe5 25. b5 g5 26. Ne2 Bg7 27. Nd4 Ne3 28. Bxe3 Rxe3 29. bxc6 bxc6 30. Rxf8+ Qxf8 31. Nxc6 Qf2 32. Rf1 Qxg3+ 33. Kh1 Bxd3 34. Rg1 Be4 35. Qd1 Qxh3# 0-1

[Event "Bussum op 30th"]
[Site "Bussum"]
[Date "2013.05.19"]
[Round "3"]
[White "Ootes, Lars"]
[Black "Klomp, Robert"]
[Result "1-0"]
[WhiteElo "2356"]
[BlackElo "2084"]
[PlyCount "135"]
[EventDate "2013.05.18"]
[EventType "swiss"]
[EventRounds "7"]
[EventCountry "NED"]
[SourceTitle "CBM 154 Extra"]
[Source "ChessBase"]
[SourceDate "2013.06.25"]
[SourceVersion "2"]
[SourceVersionDate "2013.06.25"]
[SourceQuality "1"]

1. e4 e6 2. d4 d5 3. Nc3 Bb4 4. e5 c5 5. a3 Bxc3+ 6. bxc3 Qa5 7. Bd2 Qa4 8. Qg4 Kf8 9. Nf3 Qxc2 10. Be2 b6 11. dxc5 bxc5 12. Rc1 Qe4 13. Qxe4 dxe4 14. Ng5 Bb7 15. Rb1 Bd5 16. Bb5 f6 17. c4 fxg5 18. cxd5 exd5 19. Bxg5 Ne7 20. f3 h6 21. fxe4 hxg5 22. 0-0+ Kg8 23. exd5 Rh4 24. d6 Nbc6 25. Rbc1 a6 26. Bc4+ Rxc4 27. Rxc4 Nxe5 28. Rxc5 N7g6 29. Rf5 Rd8 30. Rxg5 Rxd6 31. Rgxe5 Nxe5 32. Rxe5 Kf7 33. Ra5 Rc6 34. Kf2 Rc2+ 35. Kf3 Rc3+ 36. Ke4 Rc2 37. g4 Rxh2 38. Rxa6 Rc2 39. g5 Re2+ 40. Kf3 Re1 41. g6+ Ke7 42. Kf4 Rf1+ 43. Ke5 Re1+ 44. Kd5 Rg1 45. Re6+ Kd7 46. Rb6 Rg5+ 47. Kc4 Kc7 48. Ra6 Rg4+ 49. Kd5 Rg5+ 50. Ke4 Kd8 51. a4 Ke7 52. a5 Rg1 53. Rb6 Ra1 54. a6 Ra5 55. Kd4 Kd7 56. Kc4 Ra1 57. Rb7+ Ke6 58. Kb5 Rb1+ 59. Kc6 Ra1 60. Kb6 Kf6 61. a7 Kxg6 62. Rd7 Rb1+ 63. Kc7 Rc1+ 64. Kb8 Ra1 65. a8Q Rxa8+ 66. Kxa8 Kf6 67. Kb7 g5 68. Rd5 1-0

[Event "Bussum op 30th"]
[Site "Bussum"]
[Date "2013.05.18"]
[Round "2"]
[White "Visser, Henk Jan"]
[Black "Klomp, Robert"]
[Result "0-1"]
[WhiteElo "2280"]
[BlackElo "2084"]
[PlyCount "81"]
[EventDate "2013.05.18"]
[EventType "swiss"]
[EventRounds "7"]
[EventCountry "NED"]
[SourceTitle "CBM 154 Extra"]
[Source "ChessBase"]
[SourceDate "2013.06.25"]
[SourceVersion "2"]
[SourceVersionDate "2013.06.25"]
[SourceQuality "1"]

1. e4 e6 2. d4 d5 3. Nc3 Bb4 4. e5 c5 5. a3 Bxc3+ 6. bxc3 Qa5 7. Bd2 Qa4 8. Qb1 c4 9. Nh3 Nc6 10. Nf4 Bd7 11. g3 0-0-0 12. Bh3 h5 13. Qd1 Nge7 14. Nxh5 g6 15. Nf4 Rh7 16. Bg4 Rdh8 17. h4 g5 18. Nh5 gxh4 19. Nf6 Rg7 20. Rxh4 Rxh4 21. gxh4 Ng8 22. f3 Nxf6 23. exf6 Rh7 24. Bg5 Qa5 25. Qd2 b5 26. Kd1 Qc7 27. Kc1 a5 28. Kb2 Qb6 29. Kc1 Qc7 30. h5 e5 31. dxe5 Qxe5 32. f4 Qd6 33. Bf3 d4 34. cxd4 Nxd4 35. Bd1 Be6 36. Qxa5 Qc5 37. Qd2 Nc6 38. Kb2 Rh8 39. Qc3 Rd8 40. Qf3 Rd4 41. Qf1 0-1

[Event "Hoogeveen Unive op 16th"]
[Site "Hoogeveen"]
[Date "2012.10.20"]
[Round "2"]
[White "Timman, Jan H"]
[Black "Klomp, Robert"]
[Result "1-0"]
[WhiteElo "2578"]
[BlackElo "2119"]
[PlyCount "67"]
[EventDate "2012.10.19"]
[EventType "swiss"]
[EventRounds "9"]
[EventCountry "NED"]
[SourceTitle "EXT 2013"]
[Source "ChessBase"]
[SourceDate "2012.11.22"]
[SourceVersion "1"]
[SourceVersionDate "2012.11.22"]
[SourceQuality "1"]

1. e4 e6 2. d4 d5 3. Nd2 Nf6 4. e5 Nfd7 5. Bd3 c5 6. c3 Nc6 7. Ne2 cxd4 8. cxd4 Qb6 9. Nf3 f6 10. exf6 Nxf6 11. 0-0 Bd6 12. Nc3 0-0 13. Be3 Bd7 14. a3 Rae8 15. Ne5 Kh8 16. Re1 Qd8 17. f4 Re7 18. Rc1 Be8 19. Rf1 Bh5 20. Qc2 Ree8 21. h3 Bxe5 22. dxe5 d4 23. exf6 gxf6 24. g4 dxe3 25. gxh5 f5 26. Ne2 Rg8+ 27. Kh2 Qd5 28. Rg1 h6 29. Qc3+ Kh7 30. Bc4 Qf3 31. Rcf1 Qxh5 32. Qxe3 Rxg1 33. Rxg1 e5 34. Qg3 1-0

[Event "Hoogeveen Unive op 16th"]
[Site "Hoogeveen"]
[Date "2012.10.19"]
[Round "1"]
[White "Klomp, Robert"]
[Black "Wiersma, Eelke"]
[Result "0-1"]
[WhiteElo "2119"]
[BlackElo "2367"]
[PlyCount "82"]
[EventDate "2012.10.19"]
[EventType "swiss"]
[EventRounds "9"]
[EventCountry "NED"]
[SourceTitle "EXT 2013"]
[Source "ChessBase"]
[SourceDate "2012.11.22"]
[SourceVersion "1"]
[SourceVersionDate "2012.11.22"]
[SourceQuality "1"]

1. c4 Nf6 2. Nc3 g6 3. g3 Bg7 4. Bg2 0-0 5. e4 d6 6. Nge2 Nc6 7. d4 e5 8. d5 Nd4 9. 0-0 c5 10. dxc6 bxc6 11. Nxd4 exd4 12. Qxd4 Ba6 13. Rd1 Qa5 14. Qd3 Ng4 15. Bf4 Rfd8 16. Rac1 Ne5 17. Qc2 Bxc4 18. b3 Be6 19. Ne2 Rac8 20. Nd4 Bg4 21. f3 Bd7 22. Be3 c5 23. Ne2 c4 24. Nf4 cxb3 25. Qxb3 Ba4 26. Rxc8 Bxb3 27. Rxd8+ Qxd8 28. axb3 Qb8 29. Nd5 Qxb3 30. Rc1 h6 31. Bxa7 Nxf3+ 32. Bxf3 Qxf3 33. Re1 Be5 34. Bf2 Kg7 35. Re3 Qd1+ 36. Kg2 Qc2 37. Nf4 Qc6 38. Nd5 Qa6 39. Nf4 f5 40. Ne2 fxe4 41. Kf1 Qa4 0-1

[Event "Bussum op 29th"]
[Site "Bussum"]
[Date "2012.05.26"]
[Round "2.8"]
[White "Klomp, Robert"]
[Black "Beerdsen, Thomas"]
[Result "0-1"]
[WhiteElo "2121"]
[BlackElo "2066"]
[PlyCount "140"]
[EventDate "2012.05.25"]
[EventType "swiss"]
[EventRounds "7"]
[EventCountry "NED"]
[SourceTitle "CBM 148 Extra"]
[Source "ChessBase"]
[SourceDate "2012.06.22"]
[SourceVersion "1"]
[SourceVersionDate "2012.06.22"]
[SourceQuality "1"]

1. c4 c6 2. g3 d5 3. cxd5 cxd5 4. Bg2 Nf6 5. d4 Nc6 6. Nc3 Bf5 7. Nf3 e6 8. 0-0 Bd6 9. Qb3 a6 10. Bf4 Bxf4 11. gxf4 Qc7 12. e3 0-0 13. Rac1 Rac8 14. Na4 Ne4 15. Nc5 Nxc5 16. Rxc5 Qe7 17. Qc3 Rc7 18. Rc1 Rfc8 19. Ne5 f6 20. Nxc6 Rxc6 21. b4 Qd7 22. f3 Bg6 23. Bf1 Be8 24. Bd3 R8c7 25. Qb2 Qd6 26. a3 Bh5 27. Kf2 g5 28. Rxc6 bxc6 29. Bxa6 gxf4 30. Rg1+ Rg7 31. Rxg7+ Kxg7 32. Qe2 fxe3+ 33. Kxe3 e5 34. Bc8 Bg6 35. Qd2 Qc7 36. Bh3 Qa7 37. Qc3 exd4+ 38. Qxd4 Qxa3+ 39. Kf2 Qd3 40. Qa7+ Kh6 41. Qb8 Qd2+ 42. Kg1 Qe1+ 43. Kg2 Qe2+ 44. Kg1 Qxf3 45. Qg3 Qd1+ 46. Kf2 Qd2+ 47. Kg1 Qxb4 48. Qe3+ Kg7 49. Qa7+ Bf7 50. Qc7 Qe1+ 51. Kg2 Qe2+ 52. Kg1 Qe3+ 53. Kg2 Qe4+ 54. Kg1 d4 55. Bg2 Qe3+ 56. Kf1 d3 57. Bxc6 d2 58. Ba4 Qf3+ 59. Kg1 d1Q+ 60. Bxd1 Qxd1+ 61. Kf2 Qd2+ 62. Kg1 Qe1+ 63. Kg2 Qe4+ 64. Kf2 Qf5+ 65. Kg1 Qg6+ 66. Kf2 Kh6 67. Qd8 Qf5+ 68. Ke3 Qe5+ 69. Kd3 Qd5+ 70. Qxd5 Bxd5 0-1

[Event "Tilburg op"]
[Site "Tilburg"]
[Date "2008.08.??"]
[Round "?"]
[White "Swinkels, Robin"]
[Black "Klomp, Robert"]
[Result "1-0"]
[WhiteElo "2459"]
[BlackElo "2168"]
[PlyCount "75"]
[EventDate "2008.08.22"]
[EventType "swiss"]
[EventRounds "6"]
[EventCountry "NED"]
[SourceTitle "CBM 126 Extra"]
[Source "ChessBase"]
[SourceDate "2008.11.05"]
[SourceVersion "1"]
[SourceVersionDate "2008.11.05"]
[SourceQuality "1"]

1. e4 e6 2. d4 d5 3. Nc3 Bb4 4. e5 c5 5. a3 Bxc3+ 6. bxc3 Ne7 7. Qg4 Qc7 8. Qxg7 Rg8 9. Qxh7 cxd4 10. Ne2 Nbc6 11. f4 Bd7 12. Qd3 dxc3 13. Qxc3 0-0-0 14. Rb1 Nf5 15. Rg1 d4 16. Qd3 f6 17. g4 fxe5 18. gxf5 Rxg1 19. Nxg1 exf5 20. fxe5 Nxe5 21. Qb3 Re8 22. Ne2 d3 23. cxd3 Bc6 24. Bb2 Nf3+ 25. Kd1 Qxh2 26. Qc4 Qf2 27. Kc2 Rxe2+ 28. Bxe2 Qxe2+ 29. Kc3 Qe5+ 30. Kc2 Qe2+ 31. Kc3 Qe5+ 32. d4 Qe3+ 33. Kb4 Nd2 34. Qg8+ Kd7 35. Qf7+ Kd8 36. Qg8+ Kc7 37. Rg1 Kb6 38. Qd8+ 1-0

[Event "NED-chT 0506"]
[Site "Netherlands"]
[Date "2006.04.23"]
[Round "9.2"]
[White "Van der Wiel, John"]
[Black "Klomp, Robert"]
[Result "1-0"]
[WhiteElo "2497"]
[BlackElo "2163"]
[PlyCount "85"]
[EventDate "2005.09.24"]
[EventType "team"]
[EventRounds "9"]
[EventCountry "NED"]
[SourceTitle "EXT 2007"]
[Source "ChessBase"]
[SourceDate "2006.11.23"]
[SourceVersion "1"]
[SourceVersionDate "2006.11.23"]
[SourceQuality "1"]
[WhiteTeam "Leiden LSG"]
[BlackTeam "Breda Worx"]
[WhiteTeamCountry "NED"]
[BlackTeamCountry "NED"]

1. e4 e6 2. d4 d5 3. Nd2 Nf6 4. e5 Nfd7 5. c3 c5 6. f4 Nc6 7. Ndf3 cxd4 8. cxd4 f6 9. Bd3 Bb4+ 10. Bd2 0-0 11. Bxb4 Nxb4 12. Bb1 Qa5 13. Qd2 Nc6 14. Qxa5 Nxa5 15. Ne2 Nb6 16. b3 Bd7 17. Kd2 Rac8 18. exf6 gxf6 19. g4 Rc7 20. Rg1 Bb5 21. Nc3 Be8 22. f5 exf5 23. Bxf5 Nc6 24. Nb5 Re7 25. Nd6 Bg6 26. Rae1 Rg7 27. h4 Rd8 28. Re6 Rgd7 29. Nxb7 Nxd4 30. Nxd4 Rxb7 31. Bxg6 hxg6 32. Rxf6 Kh7 33. h5 Nd7 34. hxg6+ Kg8 35. Rd6 Re8 36. Nf5 Ne5 37. Rh1 Rc7 38. g7 Nf7 39. Rxd5 Rec8 40. Ke3 Rc3+ 41. Kf4 R3c7 42. g5 Rb8 43. g6 1-0